Telemarketing : reducir costes y vender más /
Salvato in:
| Autore principale: | |
|---|---|
| Natura: | Elettronico eBook |
| Lingua: | spagnolo |
| Pubblicazione: |
Madrid :
FC Editorial,
[2012]
|
| Soggetti: | |
| Accesso online: | Digitalia Hispánica |
| Tags: |
Aggiungi Tag
Nessun Tag, puoi essere il primo ad aggiungerne!!
|
MARC
| LEADER | 00000nam a2200000 i 4500 | ||
|---|---|---|---|
| 001 | DIGFCEDIT079 | ||
| 003 | NyNyDIG | ||
| 008 | 221116s2012 sp a ob 000 0 spa d | ||
| 006 | m o d | ||
| 007 | cr ||||||||||| | ||
| 035 | |a (OCoLC)1352724986 | ||
| 040 | |a DGITA |b eng |e rda |e pn |c DGITA | ||
| 020 | |a 9788415683537 |q eBook | ||
| 020 | |z 9788492735662 | ||
| 050 | 1 | 4 | |a HF5415.1265 ebook |
| 100 | 1 | |a Cámara Férrez, Vicente, |e author. | |
| 245 | 1 | 0 | |a Telemarketing : |b reducir costes y vender más / |c Vicente Cámara Férrez. |
| 264 | 1 | |a Madrid : |b FC Editorial, |c [2012] | |
| 300 | |a 1 online resource. | ||
| 336 | |a text |b txt |2 rdacontent | ||
| 337 | |a computer |b c |2 rdamedia | ||
| 338 | |a online resource |b cr |2 rdacarrier | ||
| 347 | |a text file |2 rdaft | ||
| 347 | |b PDF | ||
| 504 | |a Includes bibliographical references. | ||
| 588 | 0 | |a Online resource; title from PDF title page (Digitalia, viewed November 16, 2022) | |
| 650 | 0 | |a Telemarketing. | |
| 655 | 0 | |a Electronic books. | |
| 776 | 0 | 8 | |i Print version: |a Cámara Férrez, Vicente. |t Telemarketing. |d Madrid : FC Editorial, 2011 |z 9788492735662 |
| 791 | 2 | |a Digitalia (Firm), |e distributor. | |
| 793 | 0 | |g Digitalia eBook Collection: |a FC Editorial | |
| 856 | 4 | 0 | |3 Digitalia Hispánica |u https://digitalia.unach.elogim.com/a/37763/ |
| 910 | |a Premium collection: 2022 | ||